000 00294nam a2200121Ia 4500
008 150301s2010 xx 000 0 und d
082 _a641.2
_bYAD
100 _aYADAV, MANOJ KUMAR
245 _aFOOD & BEVERAGE SERVICES
260 _bAMAN PUB. DELHI
_c2010
300 _a612
942 _2ddc
_cBK
_01
999 _c7021
_d7021